Sunan Abu Dawud : / سنن ابو داود (Record no. 26613)

MARC details
000 -LEADER
fixed length control field 00478nam a22001697a 4500
003 - CONTROL NUMBER IDENTIFIER
control field BDDh-ASL
005 - DATE AND TIME OF LATEST TRANSACTION
control field 20231015030649.0
008 - FIXED-LENGTH DATA ELEMENTS--GENERAL INFORMATION
fixed length control field 211015s1874 p ||||| |||| 00| 0 u d
040 ## - CATALOGING SOURCE
Original cataloging agency BDDh-ASL
Transcribing agency BDDh-ASL
082 ## - DEWEY DECIMAL CLASSIFICATION NUMBER
Classification number 297.125
Item number WAS
100 1# - MAIN ENTRY--PERSONAL NAME
9 (RLIN) 5049
Personal name Wahiduzzaman, Maulavi
245 10 - TITLE STATEMENT
Title Sunan Abu Dawud : / سنن ابو داود
260 ## - PUBLICATION, DISTRIBUTION, ETC.
Place of publication, distribution, etc. Lahore :
Name of publisher, distributor, etc. Ahmadi Press ,
Date of publication, distribution, etc. 1296 H. / 1874.
300 ## - PHYSICAL DESCRIPTION
Extent 324 p. :
Dimensions 25 cm.
650 #0 - SUBJECT ADDED ENTRY--TOPICAL TERM
9 (RLIN) 3956
Topical term or geographic name entry element Hadith
942 ## - ADDED ENTRY ELEMENTS (KOHA)
Source of classification or shelving scheme Dewey Decimal Classification
Koha item type Books
Holdings
Withdrawn status Lost status Source of classification or shelving scheme Damaged status Not for loan Collection code Home library Current library Shelving location Date acquired Source of acquisition Serial Enumeration / chronology Total Checkouts Full call number Barcode Date last seen Copy number Price effective from Koha item type
    Dewey Decimal Classification     Non-fiction Asiatic Society Library Asiatic Society Library General Stacks 10/15/2021 ASB Library Collection U-0254   297.125 WAS 112652 10/15/2021 C-1 10/15/2021 Books

Powered by Koha